00610nam a22002057a 450000500170000001000150001702000260003203500130005803500130007103700130008408200100009710000190010724500800012625000110020626000350021727000470025230000350029950000500033470000200038420170512142901.0 aENG-108556 a9788120346574c295.00 aEN-92089 aB-663815 bDBAD/PUB a332.1 aSethi, Jyotsna aElements of banking and insurance /cby Jyotsna Sethi [and] Nishwan Bhatia a2nd ed aNew DelhibPHI Learning c2015 aM-97, Connaught Circus bNew Delhie110001 axvi,472 p. :c24cm (pbk)bill. aIncludes bibliographical references and index aBhatia, Nishwan